Βίβλος της Access 2
Αποθηκεύτηκε σε:
| Κύριος συγγραφέας: | |
|---|---|
| Άλλοι συγγραφείς: | , |
| Μορφή: | Βιβλίο |
| Γλώσσα: | Greek English |
| Δημοσίευση: |
Αθήνα :
Μόσχος Γκιούρδας,
1995.
|
| Θέματα: | |
| Ετικέτες: |
Προσθήκη ετικέτας
Δεν υπάρχουν, Καταχωρήστε ετικέτα πρώτοι!
|
MARC
| LEADER | 00000cam a2200000 i 4500 | ||
|---|---|---|---|
| 001 | 1/44865 | ||
| 008 | 980508s1995 gr | ||| |||| ||gre|| | ||
| 035 | |l 10042390 | ||
| 040 | |a GR-MyUA |b gre |e AACR2 | ||
| 041 | 1 | |a gre |h eng | |
| 082 | 0 | |a 005.7565 | |
| 100 | 1 | |a Prague, Cary N. | |
| 245 | 1 | 0 | |a Βίβλος της Access 2 / |c Cary N. Prague, Michael R. Irwin ; απόδοση Κατερίνα Χρυσανθοπούλου. |
| 246 | 3 | 3 | |a Η βίβλος της Microsoft Access 2 |
| 260 | |a Αθήνα : |b Μόσχος Γκιούρδας, |c 1995. | ||
| 300 | |a xi, 1034 σ. : |b εικ. ; |c 24 εκ. + |e 1 δισκέτα Η/Υ (3 1/2 in.). | ||
| 500 | |a Καλύπτει όλα τα νέα γνωρίσματα της Access 2, περιλαμβάνει τα Wizards Builders και Add-Ins | ||
| 500 | |a Τίτλος πρωτοτύπου: PC World Microsoft Access 2 bible | ||
| 504 | |a Περιλαμβάνει ευρετήριο | ||
| 630 | 0 | 0 | |a Microsoft Access. |
| 650 | 0 | 0 | |a Database management. |
| 700 | 1 | |a Irwin, Michael R. | |
| 700 | 1 | |a Χρυσανθοπούλου, Κατερίνα, |e trlf | |
| 852 | |a INST |b SAMOS |e 19980508 |h 005.7565 PRA |p 005300011677 |q 005300011677 |t BK |y 0 | ||
| 852 | |a INST |b SAMOS |e 19980508 |h 005.7565 PRA |p 005300011678 |q 005300011678 |t BK |y 0 | ||
| 852 | |a INST |b SAMOS |e 19980508 |h 005.7565 PRA |p 005300011679 |q 005300011679 |t BK |y 23 | ||
| 852 | |a INST |b SAMOS |e 19980508 |h 005.7565 PRA |p 005300011699 |q 005300011699 |t BK |y 0 | ||
| 852 | |a INST |b SAMOS |e 19981112 |h 005.7565 PRA |p 005300013856 |q 005300013856 |t BK |y 0 | ||
| 852 | |a INST |b SAMOS |e 19981112 |h 005.7565 PRA |p 005300013857 |q 005300013857 |t BK |y 0 | ||
| 852 | |a INST |b SAMOS |e 19981112 |h 005.7565 PRA |p 005300013858 |q 005300013858 |t BK |y 0 | ||
| 852 | |a INST |b SAMOS |e 19981112 |h 005.7565 PRA |p 005300013859 |q 005300013859 |t BK |y 23 | ||
| 901 | |a BIBL-1998-2 | ||
| 909 | |a Σ |b 055416 | ||
| 909 | |a Σ |b 055418 | ||
| 909 | |a Σ |b 055420 | ||
| 909 | |a Σ |b 055422 | ||
| 909 | |a Σ |b 055417 | ||
| 909 | |a Σ |b 055419 | ||
| 909 | |a Σ |b 055421 | ||
| 909 | |a Σ |b 055423 | ||
| 922 | |a 3ΕΛΗ |b 199804 |c ΚΠΣ |d EMVASIS | ||